Statistiques concernant Enigmes du Père Fouras #1

Cliquez ici pour prendre le quiz!

Statistiques générales

  • Ce quiz a été pris 83 fois
  • Le résultat moyen est 4 sur 20

Statistiques - réponses

QuestionsRéponses% Correct
Pour les enfants le noir,
En est souvent source le soir.
Mais qu'elle soit bleue ou belle,
Elle peut donner des ailes.
Qui est-elle ?
La peur
71%
Il peut être rond, carré et bien moulé.
Servi au marché il est découpé.
Ça ne vaut pas le coup d'en faire un,
Surtout pour de tout petits riens.
Qui est-il ?
Le fromage
71%
Petit four quand on le mange.
Convertible quand on le range.
On aime bien s'y enfoncer.
Et du premier, s'y régaler.
Qui est-il ?
Le canapé
69%
C'est un accessoire très utile,
Qui est petit et attachant.
Et s'il ne tient que par un fil,
Il se fixe aussi en pressant.
Qui est-il ?
Le bouton
36%
Il fait dans la restauration.
On y trouve un conservateur.
On apprécie sa collection.
Son gardien veille à toute heure.
Qui est-il ?
Le musée
20%
C'est une grande experte en tours.
Elle est parfois d'un grand secours.
C'est aussi une acrobatie.
A la fortune, on l'associe.
Qui est-elle ?
La roue
16%
Il est enfermé dans une cage,
Mais il n'est pas sauvage.
S'il peut rendre certains phobiques,
Les paresseux le trouvent tellement pratique.
Qui est-il ?
L'ascenseur
15%
Cette pierre tendre et feuilletée,
En Bretagne, est très employée.
Les écoliers l'ont tous levée.
Et parfois, elle est très salée.
Qui est-elle ?
L'ardoise
11%
C'est un entassement d'objets,
Une partie de pièce de monnaie,
Elle fournit de l'énergie,
L'heure précise, elle qualifie.
Qui est-elle ?
La pile
9%
Ce véhicule ne se trouve pas à côté du premier,
Mais il ne faut pas le rater, car c'est le dernier.
C'est aussi une valeur égale à une année,
Et des moutons, grâce à lui, sont écartés.
Qui est-il ?
Le balais
7%
C'est un habitant d'une lointaine contrée,
Un oiseau qui ne sait pas voler,
Sa chair au goût particulier
Est pleine de vitamine C.
Qui est-il ?
Le kiwi
7%
Elle peut descendre ou bien s'élever
Et au fil des ans elle peut changer.
Pour elle, des cordes sont utilisées
Et la peur peut nous en priver.
Qui est-elle ?
La voix
5%
Petit, il est terme d'affection.
Mauvais, il change le goût du vin.
Parfois poussé trop loin.
Les animaux aiment sa friction.
Qui est-il ?
Le bouchon
5%
Ses ailes qui sont dépouillées,
Ne lui servent pas à voler.
Bien qu'âgé très souvent
Il reste pourtant dans le vent.
Qui est-il ?
Le moulin
5%
A votre seuil elle est souvent,
Son coup fatigue promptement,
Son code est assez répandu,
Nombreux y sont venus.
Qui est-elle ?
La barre
4%
Chorégraphie des plus petits,
Souvent effectuée de nuit,
Sur son chemin le garde va,
Sur les portées on l'aperçoit.
Qui est-elle ?
La ronde
4%
Pour unir et pour assembler,
Son pas doit être enfoncé.
Pour ce faire, il n'y a qu'une recette,
Il suffit de lui tourner la tête.
Qui est-elle ?
La vis
4%
Ses marteaux et leurs coups
N'enfoncent aucun clou.
Doté d'une queue, il n'est pas animal.
Sans avancer, on appuie sur ses pédales.
Qui est-il ?
Le piano
4%
Il faut bien rentrer dedans, nous répète-t-on souvent.
C'est un chef au restaurant.
A l'école s'y met l'enfant.
Qui est-il ?
Le rang
2%
Un aigle il représentait
Pour les romains qui se battaient.
Cet emblème symbolique,
Signale aujourd'hui une boutique.
Qui est-elle ?
L'enseigne
0%

Distribution des résultats

Percentile par nombre de réponses

% des personnes avec chaque résultat

Votre développement - résultats

Vous n’avez pas pris ce quiz